000
00166nam a22000857a 4500
245
_a
Introductory Microeconomics
260
_b
2024
_c
90
300
_a
90
942
_2
ddc
_c
SB
999
_c
8218
_d
8218